01144cam a2200301 a 45000010009000000050017000090080041000260100017000670350025000840400013001090420014001220430012001360820018001481110087001662450051002532460048003042460055003522600054004073000035004615000104004966500059006006500025006596500012006846500017006966500040007137100067007537100022008201252906920220326193344.0010905s1998 gt a c 000 0 spa  a 2001465197 a(CVcHKB)kb2001061302 aDLCcDLC alccopycat anc----- a709.97bB588b2 aBienal de Pintura del Istmo Centroamericanon(1st :d1998 :cGuatemala, Guatemala)10aI Bienal de Pintura del Istmo Centroamericano.30aBienal de Pintura del Istmo Centroamericano3 aPrimer Bienal de Pintura del Istmo Centroamericano aAsunción, Guatemala :bFundación Paiz,c1998. a60 p. :bill. (col.) ;c22 cm. aCatalog of an exhibition held at the Centro Cultural "Miguel Angel Asturias", Guatemala, Guatemala. 0aPainting, Central Americany20th centuryvExhibitions. 0aArte Centroamericano 0aPintura 0aExhibiciones 0aEdición I (1998- 3 al 13 de set.)2 aCentro Cultural "Miguel Angel Asturias" (Guatemala, Guatemala)2 aFundación Paiz.